• AIU
  • Tony Wilmot Memorial Library

Principles and techniques in language teaching : (Record no. 61649)

MARC details
000 -LEADER
fixed length control field 00927nam a22002297a 4500
003 - CONTROL NUMBER IDENTIFIER
control field OSt
005 - DATE AND TIME OF LATEST TRANSACTION
control field 20160816020004.0
008 - FIXED-LENGTH DATA ELEMENTS--GENERAL INFORMATION
fixed length control field 150427b xxu||||| |||| 00| 0 eng d
020 ## - INTERNATIONAL STANDARD BOOK NUMBER
International Standard Book Number 9966222707
040 ## - CATALOGING SOURCE
Original cataloging agency DLC
Transcribing agency DLC
Modifying agency DLC
050 ## - LIBRARY OF CONGRESS CALL NUMBER
Classification number P 118.25
Item number .G38 2005
100 ## - MAIN ENTRY--PERSONAL NAME
9 (RLIN) 37021
Personal name Gathumbi, Agnes W.
245 ## - TITLE STATEMENT
Title Principles and techniques in language teaching :
Remainder of title a text for teacher educators, teachers, and Pre-service teachers
Statement of responsibility, etc Agnes W. Gathumbi and Ssebbunga C. Masembe.
260 ## - PUBLICATION, DISTRIBUTION, ETC. (IMPRINT)
Place of publication, distribution, etc Nairobi, Kenya ;
Name of publisher, distributor, etc Jomo Kenyatta Foundation,
Date of publication, distribution, etc 2005.
300 ## - PHYSICAL DESCRIPTION
Extent xii, 207 p.;
504 ## - BIBLIOGRAPHY, ETC. NOTE
Bibliography, etc Includes bibliography and index.
650 ## - SUBJECT ADDED ENTRY--TOPICAL TERM
Topical term or geographic name as entry element Effective teaching
Geographic subdivision Kenya
General subdivision handbooks, manuals, etc.
9 (RLIN) 37023
650 ## - SUBJECT ADDED ENTRY--TOPICAL TERM
Topical term or geographic name as entry element Language teachers
Geographic subdivision Kenya
General subdivision Handbooks, manuals, etc.
9 (RLIN) 37024
650 ## - SUBJECT ADDED ENTRY--TOPICAL TERM
Topical term or geographic name as entry element Language transfer (language learning)
Geographic subdivision Kenya
General subdivision Handbooks, manuals, etc.
9 (RLIN) 37025
700 ## - ADDED ENTRY--PERSONAL NAME
9 (RLIN) 37022
Personal name Masembe, Ssebbunga C.
942 ## - ADDED ENTRY ELEMENTS (KOHA)
Source of classification or shelving scheme Library of Congress Classification
Koha item type Books
Koha issues (borrowed), all copies 2
Holdings
Withdrawn status Lost status Source of classification or shelving scheme Damaged status Not for loan Collection code Home library Current library Shelving location Date acquired Source of acquisition Cost, normal purchase price Total Checkouts Full call number Barcode Date last seen Date checked out Copy number Price effective from Koha item type Total Renewals
    Library of Congress Classification     General Circulation AIU/NEGST - Tony Wilmot Memorial Library AIU/NEGST - Tony Wilmot Memorial Library General Stacks 04/27/2015 University of Nairobi Bookshop 7.33 1 P 118.25.G38 2005 R33112A3232 09/02/2019 08/15/2016 1 04/27/2015 Books  
    Library of Congress Classification     General Circulation AIU/NEGST - Tony Wilmot Memorial Library AIU/NEGST - Tony Wilmot Memorial Library General Stacks 04/30/2015 University of Nairobi Bookshop 7.33 1 P 118.25.G38 2005 R33114K3232 09/02/2019 04/30/2015 2 04/30/2015 Books 1